000 00410nam a2200133Ia 4500
008 151001s9999||||xx |||||||||||||| ||und||
100 _aप्रभाकर वैद्य
245 _aवल्लभभाई पटेल
250 _a1
260 _bअभिनव प्रकाशन इंदोर मध्यप्रदेश
260 _c1977
300 _a394
365 _b21
999 _c962765
_d962762